Most Popular Last Names in U.S - Statistics

General Stats
  • This quiz has been taken 111 times
  • The average score is 18 of 50
Answer Stats
Hint Answer % Correct
1 Smith
98%
2 Johnson
82%
5 Jones
75%
4 Brown
69%
24 White
58%
19 Jackson
54%
12 Lopez
52%
3 Williams
52%
50 Roberts
51%
9 Rodriguez
51%
15 Anderson
48%
25 Harris
48%
20 Martin
48%
14 Wilson
48%
8 Davis
46%
6 Garcia
46%
16 Thomas
45%
41 Green
43%
7 Miller
43%
42 Adams
42%
11 Hernandez
42%
21 Lee
40%
13 Gonzales
38%
10 Martinez
38%
17 Taylor
37%
29 Lewis
34%
18 Moore
32%
30 Robinson
32%
23 Thompson
32%
32 Young
32%
49 Carter
31%
33 Allen
29%
26 Sanchez
28%
39 Hill
26%
38 Nguyen
26%
28 Ramirez
25%
31 Walker
25%
44 Baker
23%
34 King
23%
22 Perez
23%
36 Scott
22%
27 Clark
18%
45 Hall
15%
48 Mitchell
15%
40 Flores
14%
47 Campbell
12%
46 Rivera
11%
37 Torres
11%
43 Nelson
8%
35 Wright
6%
No matching quizzes found
Score Distribution
Percent of People with Each Score
Percentile by Number Answered
Your Score History
You have not taken this quiz